|
|
|
|
| LEADER |
00000nam0a2200000 4500 |
| 001 |
283763 |
| 005 |
20231101235629.0 |
| 035 |
|
|
|a (RuTPU)RU\TPU\book\307891
|
| 090 |
|
|
|a 283763
|
| 100 |
|
|
|a 20150210d1984 m y0rusy50 ca
|
| 101 |
0 |
|
|a rus
|
| 102 |
|
|
|a RU
|
| 105 |
|
|
|a ac z 001zb
|
| 200 |
1 |
|
|a Винченцо Беллини (1801-1835)
|e популярная монография
|f Т. С. Крунтяева
|
| 210 |
|
|
|a Ленинград
|c Музыка
|d 1984
|
| 215 |
|
|
|a 78 с.
|c ил.
|
| 320 |
|
|
|a Библиогр. в примеч.
|
| 600 |
|
1 |
|a Беллини
|b В.
|c итальянский композитор
|f 1801-1835
|g Винченцо
|2 stltpush
|3 (RuTPU)RU\TPU\pers\37262
|9 20221
|
| 606 |
1 |
|
|a Музыка
|2 stltpush
|3 (RuTPU)RU\TPU\subj\73462
|9 86458
|
| 610 |
1 |
|
|a композиторы
|
| 610 |
1 |
|
|a персоналии
|
| 610 |
1 |
|
|a биографии
|
| 610 |
1 |
|
|a жизнь
|
| 610 |
1 |
|
|a творчество
|
| 610 |
1 |
|
|a искусство
|
| 675 |
|
|
|a 78
|v 3
|
| 700 |
|
1 |
|a Крунтяева
|b Т. С.
|g Татьяна Семеновна
|
| 801 |
|
1 |
|a RU
|b 63413507
|c 20150210
|
| 801 |
|
2 |
|a RU
|b 63413507
|c 20160915
|g RCR
|
| 942 |
|
|
|c BK
|